logo

Bir Sreshtho Munshi Abdur Rouf Library
Jhenaidah Cadet College

Junior Bengali Composition / (Record no. 2834)

MARC details
000 -LEADER
fixed length control field 00726nam a2200229 a 4500
001 - CONTROL NUMBER
JCCL Control Number 2834
003 - CONTROL NUMBER IDENTIFIER
JCCL marc code BD-JhCC
005 - DATE AND TIME OF LATEST TRANSACTION
control field 20171210111504.0
008 - FIXED-LENGTH DATA ELEMENTS--GENERAL INFORMATION
fixed length control field 171107s1965 bg a|||| ||a| 000 0 ben d
035 ## - SYSTEM CONTROL NUMBER
system control number (BD-JhCC)2834
040 ## - CATALOGING SOURCE
Original cataloging agency BD-JhCC
Modifying agency BD-JhCC
041 ## - LANGUAGE CODE
Language code of Book ben
082 ## - DEWEY DECIMAL CLASSIFICATION NUMBER
Classification number 491.445
Author mark and Year UDD 1965
100 ## - MAIN ENTRY--PERSONAL NAME
Personal name উদ্দিন, বোরহান
245 ## - TITLE STATEMENT
Title Junior Bengali Composition /
Statement of responsibility, etc বোরহান উদ্দিন, মো: বরকত উল্যা
260 ## - PUBLICATION, DISTRIBUTION, ETC. (IMPRINT)
Place of publication, distribution, etc ঢাকা :
Name of publisher, distributor, etc ইষ্টার্ণ লাইব্রেরী,
Date of publication, distribution, etc 1965
300 ## - PHYSICAL DESCRIPTION
Pagination 174 p. ;
Dimensions 18 cm.
650 ## - SUBJECT ADDED ENTRY--TOPICAL TERM
Topical term or geographic name as entry element Bengali Grammar
700 ## - ADDED ENTRY--PERSONAL NAME
Personal name উল্যা, মো: বরকত
942 ## - ADDED ENTRY ELEMENTS (KOHA)
Source of classification or shelving scheme Dewey Decimal Classification
Koha item type Books
Holdings
Source of classification or shelving scheme Damaged status Not for loan Home library Current library Shelving location Date of accession Cost, normal purchase price Total Checkouts Full call number Barcode Date last seen Copy number Koha item type
Dewey Decimal Classification     JCC Rouf Library JCC Rouf Library General Stacks 11/07/2017 3.00   491.445 UDD 1965 4585 11/07/2017 C-1 Books

JCC Library | Contacts | JCC Home

Last Update on 23 September 2017
Copyright @ 2017-2020 JCC Rouf Library
Rouf Library, Jhenidah Cadet College (JCC), Bangladesh